[Event "Gibraltar Masters 2019"]
[Site "Caleta ENG"]
[Date "2019.01.28"]
[Round "7.58"]
[White "Solozhenkina,Elizaveta"]
[Black "Larino Nieto,D"]
[Result "1/2-1/2"]
[WhiteElo "2279"]
[BlackElo "2432"]

1.e4 c5 2.Nf3 d6 3.d4 cxd4 4.Nxd4 Nf6 5.Nc3 Nc6 6.Bg5 a6 7.Qd2 e6 8.O-O-O Be7
9.f4 Bd7 10.Be2 b5 11.Bf3 Rc8 12.Nxc6 Bxc6 13.Bxf6 Bxf6 14.Qxd6 Qxd6 15.Rxd6 Be7
16.Rdd1 g5 17.fxg5 Bxg5+ 18.Kb1 Bf6 19.Ne2 Ke7 20.Nf4 a5 21.Nd3 Bd7 22.e5 Bg7
23.a3 b4 24.axb4 axb4 25.Rhe1 Rc4 26.Rd2 Bb5 27.Rf2 b3 28.cxb3 Rh4 29.Nc1 Rxh2
30.Rc2 Rb8 31.Rc5 Rh4 32.Kc2 Rb4 33.Re4 Rxe4 34.Bxe4 Kd7 35.Bxh7 Bc6 36.g4 Rh8
37.Bd3 Bf8 38.Ra5 Rh2+ 39.Kc3 Kc8 40.Ne2 Bh6 41.b4 Kb7 42.Ra1 Rh3 43.Kc2 Bg7
44.b5 Bd5 45.Rf1 Bxe5 46.Rxf7+ Kb6 47.Nc3 Rh2+ 48.Kc1 Bb3 49.g5 Bd4 50.g6 Rg2
51.Rf1 Ka5 52.Ne2 Be3+ 53.Kb1 e5 54.Nc3 Kb4 55.Be4 Rd2 56.g7 Rd7 57.Nd5+ Bxd5
58.Bxd5 Rxg7 59.Kc2 Bd4 60.b3 Kxb5 61.Kd3 Kc5 62.Be4 Rg3+ 63.Rf3 Rg1 64.Rf8 Rd1+
65.Ke2 Ra1 66.Kd2 Rg1 67.Kd3 Rg3+ 68.Rf3 Rg8 69.Rf6 Rd8 70.Rc6+ Kb4 71.Kc2 Bc5
72.Ra6 Rh8 73.Ra4+ Kb5 74.Bd3+ Kc6 75.Re4 Bd4 76.Re2 Kc5 77.Be4 Rh3 78.Bd3 Be3
79.Bf5 Rg3 80.Kd3 Bd4+ 81.Ke4 Rxb3 82.Be6 Rb6 83.Bf5 Rb4 84.Kf3 Bc3 85.Be4 Rb8
86.Bf5 Kd4 87.Re4+ Kd5 88.Re2 Rf8 89.Kg4 Rg8+ 90.Kf3 Rg1 91.Be4+ Kd4 92.Bh7 Rf1+
93.Kg2 Rf7 94.Bb1 Rf8 95.Re4+ Kc5 96.Re2 Bd4 97.Rc2+ Kd5 98.Re2 Rc8 99.Be4+ Kd6
100.Rc2 Rf8 101.Ra2 Be3 102.Re2 Bd4 103.Bb1 Ke6 104.Bc2 Rf4 105.Be4 Kf6 106.Bf3 Kg5
107.Bc6 Rf8 108.Bd5 Rd8 109.Bb7 Rb8 110.Bd5 Rb5 111.Bc6 Rc5 112.Bb7 Rc3 113.Bd5 Ra3
114.Bc6 Kf5 115.Bb7 Be3 116.Kf3 Bc1+ 117.Kg2 Ra4 118.Kf3 Rh4 119.Kg3 Rh8
120.Kf3 Bf4 121.Be4+ Ke6 122.Bb7 Rh3+ 123.Ke4 Kd6 124.Bc8 Rh8 125.Bf5 Rh1
126.Kd3 Bg5 127.Kc4 Rc1+ 128.Kd3 Rd1+ 129.Kc2 Rf1 130.Be4 Kc5 131.Kd3 Rd1+  1/2-1/2

[Event "Gibraltar Masters 2019"]
[Site "Caleta ENG"]
[Date "2019.01.28"]
[Round "7.12"]
[White "Werle,J"]
[Black "Alekseenko,K"]
[Result "0-1"]
[WhiteElo "2541"]
[BlackElo "2637"]

1.d4 Nf6 2.c4 g6 3.Nc3 d5 4.Nf3 Bg7 5.Bg5 Ne4 6.Bf4 Nxc3 7.bxc3 O-O 8.e3 c5
9.cxd5 Qxd5 10.Be2 cxd4 11.cxd4 Qa5+ 12.Qd2 Nc6 13.Qxa5 Nxa5 14.O-O Be6 15.Rfc1 Rac8
16.Nd2 Bd5 17.a3 f5 18.Rab1 e6 19.h4 Ba2 20.Ra1 Bd5 21.Bd6 Rfe8 22.g4 Rc6
23.Rxc6 Nxc6 24.gxf5 gxf5 25.Bf3 Rd8 26.Bxd5 exd5 27.Bf4 Bf8 28.Rb1 b6 29.Rc1 Rc8
30.a4 Ne7 31.Rxc8 Nxc8 32.Kf1 Kg7 33.Nf3 Nd6 34.Ng5 Ne4 35.Ne6+ Kf7 36.Nc7 Nc3
37.Nb5 Nxa4 38.Nxa7 Nc3 39.Ke1 b5 40.f3 b4 41.Kd2 Nb1+ 42.Kc1 Na3 43.h5 Ke6
44.Nc6 Nc4 45.Kc2 Bd6 46.Bxd6 Nxe3+ 47.Kb3 Kxd6 48.Ne5 Ng2 49.Kxb4 Nf4 50.h6 Ne6
51.Ng6 Nxd4 52.Nf8 Nxf3 53.Nxh7 Ke7 54.Kc5 d4 55.Kc4 Kf7 56.Kd3 Kg6 57.Nf8+ Kxh6
58.Ne6 Kg6 59.Ke2 Kf6 60.Nc5 Ne5 61.Nb3 Nc6 62.Kd3 Ke5 63.Nd2 Kd5  0-1

[Event "Gibraltar Masters 2019"]
[Site "Caleta ENG"]
[Date "2019.01.28"]
[Round "7.44"]
[White "Goryachkina,A"]
[Black "Tsolakidou,Stavroula"]
[Result "1/2-1/2"]
[WhiteElo "2518"]
[BlackElo "2414"]

1.d4 Nf6 2.c4 e6 3.Nc3 Bb4 4.Qc2 O-O 5.e4 d5 6.e5 Nfd7 7.a3 Be7 8.cxd5 exd5
9.Nxd5 c5 10.Bd3 Kh8 11.Bxh7 Nc6 12.Be4 cxd4 13.Qe2 g6 14.h4 Ndxe5 15.Bg5 Bxg5
16.hxg5+ Kg7 17.Nf6 Rh8 18.Rxh8 Qxh8 19.f4 Qh2 20.Qf2 Ng4 21.Nxg4 Bxg4 22.Bxc6 bxc6
23.Qxd4+ Kg8 24.Kf1 Re8 25.Re1 Rxe1+ 26.Kxe1 Qxg2 27.Qxa7 Qe4+ 28.Kd2 Qg2+
29.Ke1 Qxb2 30.Qe3 Qg2 31.a4 Qd5 32.Kf2 Qa2+ 33.Kg3 Be6 34.Nf3 Qxa4 35.Ne5 Qc2
36.Qd3 Qc1 37.Qf3 Bd5 38.Qf2 Qc3+ 39.Kh2 Be6 40.Qf3 Qd2+ 41.Kg3 c5 42.Qa8+ Kg7
43.Qa1 Qe3+ 44.Nf3+ Kh7 45.Qe5 Qa3 46.Qd6 Qc1 47.Qd2 Qf1 48.Qd6 Qh3+ 49.Kf2 Bg4
50.Ng1 Qh2+ 51.Kf1 Qc2 52.Ke1 c4 53.Qf6 Qd1+ 54.Kf2 Kg8 55.Qe5 Qb3 56.Qe8+ Kg7
57.Qe5+ Kh7 58.Qd5 Qb2+ 59.Kg3 Be6 60.Qf3 Qd2 61.Ne2 Bd5 62.Qf2 Qd3+ 63.Kh2 c3
64.f5 gxf5 65.Nxc3 Bc4 66.Qh4+ Kg8 67.Qg3 Qd2+ 68.Kg1 Qd4+ 69.Kh2 Kg7 70.Qf3 Kg6
71.Qc6+ Kxg5 72.Qg2+ Kf6 73.Qc6+ Be6 74.Qf3 Qe5+ 75.Kg1 f4 76.Ne4+ Kg6 77.Qg2+ Kf5
78.Nd2 Bd5 79.Qf2 Qh8 80.Qc5 Qh1+ 81.Kf2 Kg4 82.Qc8+ f5 83.Qd7 Qg2+ 84.Ke1 Qg3+
85.Kd1 Qg1+ 86.Kc2 Qc5+ 87.Kd1 Kg3 88.Qg7+ Kf2 89.Qb2 Bf3+ 90.Nxf3+ Kxf3
91.Qc3+ Qe3 92.Qc6+ Qe4 93.Qc3+ Kg2 94.Qb2+ Kg3 95.Qg7+ Kf2 96.Qb2+ Ke3 97.Qd2+ Kf3
98.Qc3+ Qe3 99.Qc6+ Kg3 100.Qg6+ Kf2 101.Qxf5 f3 102.Qh7 Qe2+ 103.Kc1 Kg1
104.Qg7+ Qg2 105.Qd4+ Kf1 106.Qd1+ Kf2 107.Qd4+ Kg3 108.Qe5+ Kh4 109.Qh8+ Kg4
110.Qg7+ Kh3 111.Qh8+ Kg3 112.Qe5+ Kg4 113.Qg7+ Kf5 114.Qf7+ Ke4 115.Qe6+ Kd3
116.Qd5+ Ke3 117.Qe5+ Kf2  1/2-1/2

[Event "Gibraltar Masters 2019"]
[Site "Caleta ENG"]
[Date "2019.01.28"]
[Round "7.61"]
[White "Wemmers,X"]
[Black "Zuo,Yifan"]
[Result "1-0"]
[WhiteElo "2418"]
[BlackElo "2298"]

1.d4 Nf6 2.c4 e6 3.Nc3 Bb4 4.e3 Bxc3+ 5.bxc3 O-O 6.Bd3 c5 7.Ne2 d6 8.O-O Nc6
9.Rb1 b6 10.Ng3 Ba6 11.Qe2 Rc8 12.Bd2 Na5 13.d5 Re8 14.e4 h6 15.Rbd1 Qd7
16.Rfe1 Qa4 17.Qf3 Bxc4 18.Bxh6 Bxd3 19.Rxd3 Nc4 20.Qf4 Ne5 21.Qg5 Ng6 22.Bxg7 Nh7
23.Qh6 Qd7 24.Nh5 Qe7 25.Rg3 exd5 26.Bf6  1-0

[Event "Gibraltar Masters 2019"]
[Site "Caleta ENG"]
[Date "2019.01.28"]
[Round "7.62"]
[White "Kiik,K"]
[Black "Schippers,Maurice"]
[Result "1-0"]
[WhiteElo "2410"]
[BlackElo "2276"]

1.Nf3 d6 2.d4 Nf6 3.Nc3 Nbd7 4.e4 e5 5.Bc4 Be7 6.O-O O-O 7.Re1 c6 8.a4 a5
9.h3 Qc7 10.Ba2 exd4 11.Nxd4 Nc5 12.Qf3 Nfd7 13.Be3 Nb6 14.Nce2 Ncxa4 15.Ng3 Nxb2
16.Nh5 N2c4 17.Qg3 g6 18.Bh6 Ne5 19.f4 Ned7 20.Nf5 Nf6 21.Nxe7+ Qxe7 22.Qg5 Nbd7
23.Bxf8 Kxf8 24.Qh6+ Ke8 25.e5 dxe5 26.Ng7+ Kd8 27.fxe5 Nd5 28.Bxd5 cxd5
29.Qxh7 a4 30.e6 Nf8 31.Qg8 f6 32.h4 Kc7 33.Qxf8 Qxf8 34.e7  1-0

[Event "Gibraltar Masters 2019"]
[Site "Caleta ENG"]
[Date "2019.01.28"]
[Round "7.63"]
[White "Bulmaga,I"]
[Black "Carreto Nieto,G"]
[Result "1-0"]
[WhiteElo "2407"]
[BlackElo "2174"]

1.e4 c5 2.Nf3 Nc6 3.d4 cxd4 4.Nxd4 g6 5.c4 Bg7 6.Be3 Nf6 7.Nc3 O-O 8.Be2 d6
9.O-O Nxd4 10.Bxd4 Bd7 11.Qd3 Bc6 12.b4 b6 13.f4 e5 14.fxe5 Ng4 15.e6 Ne5
16.exf7+ Kh8 17.Bxe5 Bxe5 18.Rf3 Rc8 19.Raf1 Rc7 20.Kh1 Qh4 21.g3 Qh3 22.c5 dxc5
23.bxc5 Qe6 24.cxb6 axb6 25.Bd1 Rcxf7 26.Nd5 Kg7 27.Kg2 Rxf3 28.Bxf3 Qd6
29.Rc1 Ra8 30.Qc4 Bd7 31.Qe2 Ra7 32.Kh1 Qa3 33.Rc2 Bb5 34.Qe3 Bd3 35.Rc8 b5
36.Re8 Ba1 37.Be2 Bxe2 38.Qxe2 Qxa2 39.Re7+ Rxe7 40.Qxa2  1-0

[Event "Gibraltar Masters 2019"]
[Site "Caleta ENG"]
[Date "2019.01.28"]
[Round "7.64"]
[White "Antova,Gabriela"]
[Black "Shachar,E"]
[Result "1-0"]
[WhiteElo "2263"]
[BlackElo "2391"]

1.d4 e6 2.c4 f5 3.g3 Nf6 4.Bg2 Be7 5.Nf3 d6 6.O-O O-O 7.Nc3 Ne4 8.Qc2 Nxc3
9.Qxc3 Bf6 10.Qc2 Qe7 11.Re1 Nc6 12.d5 Nb4 13.Qd2 a5 14.a3 Na6 15.Qxa5 e5
16.e4 f4 17.gxf4 exf4 18.Bxf4 Bxb2 19.Bg5 Bf6 20.Qd2 Nc5 21.Bxf6 Qxf6 22.Ra2 Bg4
23.Nd4 Ra4 24.Qc3 Qe5 25.Rc2 Rf6 26.f3 Bd7 27.Ne2 Qg5 28.f4 Qh4 29.Rf1 Rg6
30.Ng3 Rh6 31.Bh1 Bh3 32.Rff2 Rf6 33.Qe3 Ra8 34.e5 Re8 35.Bg2 Bxg2 36.Kxg2 g5
37.Qc3 Rxf4 38.e6 Ref8 39.Qe3 Qg4 40.Rce2 c6 41.e7 Re8 42.h3 Qh4 43.Nf5 Rxf2+
44.Rxf2 Qe4+ 45.Rf3 Qc2+ 46.Kg1 Ne4 47.Qd4  1-0

[Event "Gibraltar Masters 2019"]
[Site "Caleta ENG"]
[Date "2019.01.28"]
[Round "7.65"]
[White "Moksh,Amit Doshi"]
[Black "Vega Gutierrez,S"]
[Result "0-1"]
[WhiteElo "2242"]
[BlackElo "2390"]

1.e4 c5 2.Nf3 Nc6 3.d4 cxd4 4.Nxd4 Nf6 5.Nc3 e5 6.Ndb5 d6 7.Bg5 a6 8.Na3 b5
9.Nd5 Be7 10.Bxf6 Bxf6 11.c3 Bg5 12.Nc2 Ne7 13.h4 Bh6 14.a4 bxa4 15.Ncb4 O-O
16.Rxa4 a5 17.Nxe7+ Qxe7 18.Nd5 Qd8 19.g3 Bd7 20.Ra2 Be6 21.Bg2 Rc8 22.O-O Rc5
23.b4 axb4 24.cxb4 Bxd5 25.exd5 Rb5 26.Qb3 f5 27.Qc4 Qb8 28.Rb1 Rc8 29.Qb3 e4
30.Bf1 Rb6 31.Rc2 Re8 32.Qa4 Qd8 33.Bb5 Rf8 34.Bd7 Rb8 35.Qc6 f4 36.Qxd6 Kh8
37.b5 e3 38.b6 exf2+ 39.Rxf2 Rf7 40.Qe5 Rxd7 41.Re1 Rxd5 42.Qc7 Rd1 43.Rxd1 Qxd1+
44.Kg2 Qd5+ 45.Kh3 Qe6+ 46.Kg2 Qxb6 47.Qxb6 Rxb6 48.gxf4 Kg8 49.Kg3 Rb4 50.Kg4 Kf7
51.Kf5 g6+ 52.Kg4 Kf6 53.Rf3 Rd4 54.Rf1 Bf8 55.Rf3 h5+ 56.Kg3 Bd6 57.Rf1 Kf5  0-1

[Event "Gibraltar Masters 2019"]
[Site "Caleta ENG"]
[Date "2019.01.28"]
[Round "7.66"]
[White "Dolzhikova,O"]
[Black "Blesic,V"]
[Result "0-1"]
[WhiteElo "2224"]
[BlackElo "2390"]

1.e4 Nf6 2.e5 Nd5 3.d4 d6 4.c4 Nb6 5.exd6 cxd6 6.Nc3 g6 7.Be3 Bg7 8.Rc1 O-O
9.b3 Bf5 10.Be2 e5 11.dxe5 dxe5 12.Qxd8 Rxd8 13.Nb5 Nc6 14.c5 Nd5 15.Nd6 Nxe3
16.fxe3 Bh6 17.Kf2 Nb4 18.Nf3 Nd5 19.e4 Be3+ 20.Kg3 Bf4+ 21.Kf2 Be3+ 22.Kg3 Rxd6
23.cxd6 Bf4+ 24.Kf2 Be3+ 25.Kg3 Bf4+ 26.Kh4 Bxe4 27.d7 Bxc1 28.Rxc1 Nb6 29.Nxe5 f6
30.Nf3 Rd8 31.Kg3 Rxd7 32.Kf4 Bc6 33.Ke3 Nd5+ 34.Kf2 Nb4 35.Bc4+ Kg7 36.Ke3 Nd5+
37.Kf2 Nf4 38.Rc3 Rd1 39.b4 Rb1 40.Rb3 Rc1 41.Bf1 Rc2+ 42.Kg3 Nh5+ 43.Kh3 Rxa2
44.b5 Bd7+ 45.g4 Nf4+ 46.Kg3 Ra1 47.Bc4 g5 48.Rb2 Rc1 49.Rd2 Bxg4 50.Kxg4 Rxc4
51.Rd7+ Kg6 52.Rxb7 Ne2+  0-1

[Event "Gibraltar Masters 2019"]
[Site "Caleta ENG"]
[Date "2019.01.28"]
[Round "7.68"]
[White "Ubilava,E"]
[Black "Povah,N"]
[Result "1/2-1/2"]
[WhiteElo "2495"]
[BlackElo "2329"]

1.c4 e5 2.g3 Nf6 3.Bg2 h6 4.Nf3 e4 5.Nd4 Nc6 6.Nc2 Bc5 7.Nc3 Qe7 8.Ne3 Nd4
9.Ned5 Nxd5 10.cxd5 d6 11.Bxe4 Bh3 12.e3 O-O 13.Qh5 Qd7 14.exd4 Bxd4 15.Bf3 Rae8+
16.Kd1 Re5 17.Qh4 Qf5 18.Qf4 Bxc3 19.Qxf5 Rxf5 20.dxc3 Rxf3 21.Be3 b5 22.a4 a6
23.axb5 axb5 24.Ra7 Rc8 25.Rb7 Rf5 26.Rxb5 Bg2 27.Re1 Rxd5+ 28.Rxd5 Bxd5
29.Kd2 Rb8 30.b4 Bc4 31.Ra1 Kf8 32.Ra7 Rc8 33.Bd4 f6 34.h4 h5 35.Ra5 Bf7
36.Kd3 Ke7 37.c4 Bg6+ 38.Kc3 Kd7 39.Ra7 Ke6 40.b5 Be4 41.Be3 g6 42.Kd4 Bf3
43.Bd2 c5+ 44.Kd3 Ra8 45.b6 Rxa7 46.bxa7 Bc6 47.Bh6 Ke7 48.Ke3 Bb7 49.Kd3 Bc6
50.Kc2 Kf7 51.Kb3 Ke7 52.Bd2 Ke6 53.Bc3 Ke7 54.Kc2 Ke6 55.Kd3 Ke7 56.Ke3 Ke6
57.Kf4 Bb7 58.Ba5 Kd7 59.g4 Ke6 60.Bd8 Bc6 61.Bc7 Bb7  1/2-1/2

[Event "Gibraltar Masters 2019"]
[Site "Caleta ENG"]
[Date "2019.01.28"]
[Round "7.69"]
[White "Reuben,S"]
[Black "Christophe Hayot,R"]
[Result "1-0"]
[WhiteElo "1989"]
[BlackElo "1729"]

1.d4 d5 2.Nf3 Nf6 3.c4 e6 4.Nc3 c6 5.Bg5 Be7 6.e3 O-O 7.Qc2 Nbd7 8.Rc1 Re8
9.Bd3 h6 10.Bh4 dxc4 11.Bxc4 Nb6 12.Bd3 Nfd7 13.Bg3 Nd5 14.a3 Nxc3 15.Qxc3 Bf6
16.b4 Qe7 17.Ne5 Bxe5 18.dxe5 Qd8 19.O-O a5 20.Rfd1 Qb6 21.Be4 axb4 22.axb4 Ra4
23.Rd4 Qa7 24.h3 Ra3 25.Qc4 Nb6 26.Qc5 Nd5 27.Qd6 Ra1 28.Rxa1 Qxa1+ 29.Kh2 Qa3
30.Bf3 Qc3 31.Qc5 Qxc5 32.bxc5 Nc7 33.Be2 Nb5 34.Bxb5 cxb5 35.Rd6 Kf8 36.Rb6 Bd7
37.Rxb7 Bc6 38.Rc7 Bd5 39.f3 Rd8 40.e4 Bc4 41.Rb7 Ke8 42.Be1 Rc8 43.Bb4 g6
44.h4 Rc6 45.Kg3 Ra6 46.Kf4 Ra4 47.c6 Kd8 48.Bd6 Bd5  1-0

[Event "Gibraltar Masters 2019"]
[Site "Caleta ENG"]
[Date "2019.01.28"]
[Round "7.70"]
[White "Osmanodja,F"]
[Black "Repka,C"]
[Result "1-0"]
[WhiteElo "2318"]
[BlackElo "2491"]

1.e4 d6 2.d4 g6 3.Nf3 Bg7 4.c3 Nf6 5.Bd3 O-O 6.O-O c5 7.h3 cxd4 8.cxd4 Nc6
9.Nc3 e5 10.d5 Nd4 11.Nxd4 exd4 12.Nb5 Re8 13.Qc2 Bd7 14.Nxd6 Ba4 15.Qc5 Bf8
16.Qxd4 Bxd6 17.Qxa4 Nxe4 18.Bxe4 Qh4 19.Bc2  1-0

[Event "Gibraltar Masters 2019"]
[Site "Caleta ENG"]
[Date "2019.01.28"]
[Round "7.71"]
[White "Danielian,E"]
[Black "Goriatchkin,J"]
[Result "1/2-1/2"]
[WhiteElo "2427"]
[BlackElo "2325"]

1.d4 d5 2.c4 c6 3.Nc3 Nf6 4.Nf3 e6 5.e3 Nbd7 6.Qc2 Bd6 7.Be2 O-O 8.O-O dxc4
9.Bxc4 b5 10.Be2 Bb7 11.e4 e5 12.Rd1 Qc7 13.g3 Rfe8 14.dxe5 Nxe5 15.Bg5 Nxf3+
16.Bxf3 Be5 17.Bxf6 gxf6 18.Rac1 Qb6 19.Bg4 Bxc3 20.bxc3 c5 21.Bf5 Bc8 22.Bxc8 Raxc8
23.Qe2 Qc6 24.Qg4+ Kh8 25.Rd5 Rcd8 26.Rcd1 Rxd5 27.Rxd5 b4 28.Qf5 Kg7 29.Qg4+ Kh8
30.cxb4 cxb4 31.Qf4 a5 32.Qh6 Rc8 33.Rxa5 Qc1+ 34.Qxc1 Rxc1+ 35.Kg2 Rb1 36.h4 b3
37.axb3 Rxb3 38.Kh3 Rb4 39.f3 Kg7 40.Kg4 h6 41.Kf4 Rb3 42.g4 Rc3 43.g5 hxg5+
44.hxg5 fxg5+ 45.Rxg5+ Kf6 46.Ra5 Ke6 47.Ra6+ Ke7 48.e5 Kf8 49.Kg4 Re3 50.f4 Kg7
51.Kf5 Rb3 52.Kg4 Re3 53.Ra7 Re1 54.Kf5 Re2 55.Re7 Ra2 56.Kg4 Ra4 57.Kg5 Re4
58.Kf5 Ra4 59.Rd7 Ra6 60.Ke4 Ra1 61.f5 Re1+ 62.Kd5 Rf1 63.f6+ Kg6 64.Kd6 Ra1
65.Rc7 Ra6+ 66.Rc6 Ra7 67.Rb6 Kf5 68.Rb1 Kg6 69.Rg1+ Kf5 70.Rg2 Rb7 71.Ra2 Kg6
72.Ra8 Kf5 73.Kc6 Rb2 74.Re8 Rd2 75.Re7 Re2 76.Kd7 Ra2 77.Ke8 Kg6 78.Rd7 Ra8+
79.Ke7 Ra6 80.Rd5 Ra7+ 81.Kd6 Ra6+ 82.Kd7 Ra7+ 83.Kc6 Ra6+ 84.Kb5 Ra2 85.Rd7 Rc2
86.Kb6 Kf5 87.Rxf7 Kxe5 88.Rf8 Ke6  1/2-1/2

[Event "Gibraltar Masters 2019"]
[Site "Caleta ENG"]
[Date "2019.01.28"]
[Round "7.72"]
[White "Bellin,R"]
[Black "Martinez Martin,D"]
[Result "1-0"]
[WhiteElo "2312"]
[BlackElo "2416"]

1.Nf3 Nf6 2.d4 g6 3.Bg5 Bg7 4.Nbd2 O-O 5.c3 d5 6.Bxf6 Bxf6 7.e4 dxe4 8.Nxe4 Bg7
9.Bc4 Nd7 10.Neg5 Nb6 11.Bb3 a5 12.a4 Nd5 13.O-O b6 14.Ne5 e6 15.Ngf3 c5
16.Re1 Bb7 17.Qd2 Qc7 18.Bc4 Rfd8 19.Rac1 Rac8 20.h4 cxd4 21.cxd4 Qe7 22.b3 Bxe5
23.dxe5 Nb4 24.Qg5 Qf8 25.Nh2 h6 26.Qe3 h5 27.Qxb6 Ba8 28.Qxa5 Rd4 29.g3 Qe7
30.Be2 Rcd8 31.Rc7 Qf8 32.Rc4 Nc6 33.Qc5 Qxc5 34.Rxc5 Rb4 35.Bc4 Nd4 36.Re3 Kg7  1-0

[Event "Gibraltar Masters 2019"]
[Site "Caleta ENG"]
[Date "2019.01.28"]
[Round "7.73"]
[White "Aguilar,A"]
[Black "Solomon,K"]
[Result "1/2-1/2"]
[WhiteElo "2307"]
[BlackElo "2413"]

1.c4 Nf6 2.Nf3 e6 3.g3 d5 4.Bg2 dxc4 5.Qa4+ Bd7 6.Qxc4 c5 7.Ne5 Qc8 8.Qd3 Nc6
9.Nxd7 Nxd7 10.Qb5 Nb6 11.Nc3 Be7 12.d3 O-O 13.Bxc6 bxc6 14.Qb3 e5 15.O-O Rb8
16.Kg2 h5 17.Ne4 Qa6 18.Qc2 c4 19.dxc4 Qxc4 20.Qxc4 Nxc4 21.b3 Nb6 22.Be3 f5
23.Bc5 Kf7 24.Bxe7 Kxe7 25.Nc3 g5 26.Rac1 Rbd8 27.Rc2 Rf6 28.Rfc1 Rdd6 29.Nb1 Kd7
30.Nd2 g4 31.b4 h4 32.Nb3 h3+ 33.Kf1 Nd5 34.a3 Ke8 35.Kg1 Ne7 36.Na5 f4 37.Nc4 Rd5
38.Rd2 Rxd2 39.Nxd2 Rd6 40.Nc4 Rd5 41.e4 Rd4 42.Nxe5 fxg3 43.hxg3 Rxe4 44.Nxc6 Nxc6
45.Rxc6 Ke7 46.Kf1 Rd4 47.Ke2 Re4+ 48.Kd2 Kf7 49.Rh6 Re6 50.Rh4 Rg6 51.Ke2 Kg7
52.Kf1 Kf6 53.f3 gxf3 54.Kf2 Kg5 55.Rxh3 Ra6 56.g4 Rxa3 57.Rxf3 Ra4 58.Kg3 Rxb4
59.Rf5+ Kh6 60.Ra5 Rb7 61.Kh4 Rc7 62.Ra6+ Kg7 63.Kh5 Rc5+ 64.g5 Rc7 65.Rg6+ Kh7
66.Rd6 Kg7  1/2-1/2

[Event "Gibraltar Masters 2019"]
[Site "Caleta ENG"]
[Date "2019.01.28"]
[Round "7.74"]
[White "Merario Alarcon,Andres"]
[Black "Gutierrez Olivares,D"]
[Result "1/2-1/2"]
[WhiteElo "2405"]
[BlackElo "2320"]

1.d4 d5 2.c4 e6 3.Nf3 Nf6 4.Nc3 Bb4 5.Bg5 h6 6.Bxf6 Qxf6 7.e3 O-O 8.Rc1 Rd8
9.Qb3 Nc6 10.a3 Bf8 11.cxd5 exd5 12.Nxd5 Qe6 13.Bc4 Na5 14.Qa2 Nxc4 15.Nf4 Qb6
16.Qxc4 Bd6 17.Nd3 Bf5 18.Nde5 Be6 19.Qe2 Be7 20.O-O a5 21.Nd3 c6 22.Nf4 Bg4
23.Qc2 Bxf3 24.gxf3 a4 25.Kh1 Ra5 26.Rg1 Bd6 27.Nd3 Rh5 28.Rg2 Qb5 29.f4 Kh8
30.Rcg1 g5 31.Ne5 Bxe5 32.fxe5 Qd5 33.Qf5 Re8 34.f4 Rg8 35.e4 Qxd4 36.Qf6+ Rg7
37.fxg5 hxg5 38.Qf3 Rgh7 39.Qf6+ Rg7 40.Qf3 Rgh7 41.Qf6+ Rg7  1/2-1/2

[Event "Gibraltar Masters 2019"]
[Site "Caleta ENG"]
[Date "2019.01.28"]
[Round "7.75"]
[White "Seeman,T"]
[Black "Welling,G"]
[Result "1/2-1/2"]
[WhiteElo "2386"]
[BlackElo "2299"]

1.Nf3 g6 2.e4 Bg7 3.d4 d6 4.Bc4 e6 5.O-O Ne7 6.Re1 b6 7.e5 Bb7 8.exd6 cxd6
9.Bf4 O-O 10.Nbd2 Na6 11.c3 Nc7 12.h3 Ncd5 13.Bh2 Nf6 14.Bb3 h6 15.Qe2 a6
16.Nc4 Nc8 17.Rad1 b5 18.Ne3 Nb6 19.Nd2 Nfd5 20.Ne4 Nxe3 21.Qxe3 Bxe4 22.Qxe4 d5
23.Qf3 Nc4 24.Re2 Qf6 25.Qg3 Rfc8 26.h4 h5 27.Qh3 Qf5 28.Qxf5 gxf5 29.Bf4 Kh7
30.Rd3 Bh6 31.Bxh6 Kxh6 32.Rg3 Nd6 33.Rge3 Ne4 34.Bc2 Nf6 35.f3 Rc7 36.Bd3 Nd7
37.Rc2 Nb6 38.Kf2 Rc6 39.Re1 Rac8 40.Rce2 Nc4 41.Ra1 Rb6 42.a3 a5 43.Rc2 Nd6
44.Rcc1 f4 45.g3 fxg3+ 46.Kxg3 Nc4 47.Rc2 Kg7 48.Kf4 Kf6 49.Rg1 Nd6 50.Rgg2 Rbb8
51.Ke3 Nc4+ 52.Bxc4 bxc4 53.Rg5 Rh8 54.f4 Rbg8 55.Rcg2 Rg6 56.f5 Rxg5 57.Rxg5 Rb8
58.fxe6 fxe6 59.Rg2 Kf5 60.a4 Rb7 61.Kf3 Rb8 62.Ke3 Rb6 63.Kf3 Rb8 64.Ke3 Rb6
65.Kf3 Rb8  1/2-1/2

[Event "Gibraltar Masters 2019"]
[Site "Caleta ENG"]
[Date "2019.01.28"]
[Round "7.76"]
[White "Anand,N"]
[Black "Risting,Eivind Olav"]
[Result "1/2-1/2"]
[WhiteElo "2373"]
[BlackElo "2281"]

1.e4 c5 2.Nf3 d6 3.d4 cxd4 4.Nxd4 Nf6 5.Nc3 Nc6 6.f3 e5 7.Nb3 Be7 8.Be3 O-O
9.Qd2 a5 10.Bb5 Na7 11.Bxa7 Rxa7 12.a4 Be6 13.O-O-O Ra8 14.Kb1 Qc7 15.g4 Rfd8
16.Nd5 Nxd5 17.exd5 Bd7 18.Qe2 Bxb5 19.Qxb5 Rdc8 20.c3 Ra6 21.Ka2 Rb6 22.Qd3 Qc4
23.Qxc4 Rxc4 24.Ka3 Ra6 25.Rhe1 Bg5 26.Nd4 Kf8 27.Nb5 g6 28.Re4 Rc8 29.Kb3 Ke7
30.Rc4 Raa8 31.Na3 Kd7 32.Kc2 Rf8 33.Kd3 Rae8 34.b4 f5 35.gxf5 Rxf5 36.Ke2 Ref8
37.Rf1 Bd8 38.Re4 Rh5 39.Rf2 Bb6 40.Rg2 Rh3 41.Nc4 Ba7 42.Nd2 axb4 43.Rxb4 Kc7
44.Rbg4 Bc5 45.R4g3 Rh4 46.Rg4 Rh3 47.R4g3 Rh4 48.Rg4 Rh3  1/2-1/2

[Event "Gibraltar Masters 2019"]
[Site "Caleta ENG"]
[Date "2019.01.28"]
[Round "7.77"]
[White "Benmesbah,N"]
[Black "Arakhamia-Grant,K"]
[Result "1-0"]
[WhiteElo "2252"]
[BlackElo "2372"]

1.e4 c5 2.Nf3 e6 3.b3 d6 4.Bb2 Nc6 5.d4 cxd4 6.Nxd4 Nf6 7.Bd3 Bd7 8.O-O Be7
9.Nxc6 Bxc6 10.Qe2 O-O 11.c4 Nd7 12.Nc3 Re8 13.Rad1 Bf8 14.Bb1 a6 15.Kh1 Qa5
16.Qc2 e5 17.f4 b5 18.cxb5 axb5 19.Nd5 Rac8 20.Qf2 f6 21.b4 Qa6 22.a3 Bxd5
23.Rxd5 Nb6 24.Rd3 Nc4 25.Bc1 Rc7 26.Rh3 Qc8 27.Qh4 h6 28.Rg3 Kh8 29.Bd3 Qe6
30.Qh5 Rec8 31.Be2 Qe8 32.Qh4 d5 33.Bh5 Qe7 34.fxe5 Nxe5 35.Be3 Rc4 36.Qh3 dxe4
37.Be2 Nd3 38.Qf5 Qe5 39.Qg4 Rc2 40.Bd1 R2c7 41.Bxh6 Qd5 42.Be3 Rc6 43.Bc5 Rd8
44.Be3 Ne5 45.Qh5+ Kg8 46.Rh3 Nc4 47.Qh7+ Kf7 48.Bh5+ Ke6 49.Bg4+ Kf7 50.Bh6 Ne5
51.Bh5+ Ke6 52.Bxg7 Qc4 53.Qf5+ Kd6 54.Bxf6  1-0

[Event "Gibraltar Masters 2019"]
[Site "Caleta ENG"]
[Date "2019.01.28"]
[Round "7.78"]
[White "Srija,S"]
[Black "Krishna Teja,N"]
[Result "1-0"]
[WhiteElo "2210"]
[BlackElo "2371"]

1.e4 c6 2.d4 d5 3.e5 Bf5 4.Nd2 e6 5.Nb3 Nd7 6.Be3 Qc7 7.f4 a6 8.Nf3 c5 9.c3 c4
10.Nbd2 b5 11.Be2 Be7 12.O-O h5 13.a4 b4 14.cxb4 Rb8 15.b5 axb5 16.axb5 Nh6
17.h3 Bg6 18.Re1 Nf5 19.Bf2 h4 20.Rc1 Qa5 21.Ra1 Qb4 22.b3 Ng3 23.Bxg3 hxg3
24.bxc4 dxc4 25.Nxc4 Rc8 26.Ra4 Qc3 27.Qa1 Qc2 28.Rc1 Qxe2 29.Nd6+ Bxd6 30.Rxc8+ Ke7
31.exd6+  1-0

[Event "Gibraltar Masters 2019"]
[Site "Caleta ENG"]
[Date "2019.01.28"]
[Round "7.79"]
[White "Tejaswini,S"]
[Black "Rahul,Srivatshav P"]
[Result "1/2-1/2"]
[WhiteElo "2190"]
[BlackElo "2370"]

1.e4 e6 2.d4 d5 3.Nd2 a6 4.Bd3 Nf6 5.e5 Nfd7 6.Ne2 c5 7.c3 Nc6 8.O-O b5 9.Nf4 Qb6
10.Nf3 Be7 11.Be3 Bb7 12.Re1 O-O-O 13.dxc5 Bxc5 14.a4 Bxe3 15.Rxe3 bxa4 16.Qxa4 Nc5
17.Qc2 d4 18.cxd4 Nxd4 19.Nxd4 Rxd4 20.Rc1 Rxf4 21.Qxc5+ Qxc5 22.Rxc5+ Kb8
23.Rc4 Rxc4 24.Bxc4 Rc8 25.Rc3 a5 26.f4 a4 27.Kf2 Bd5 28.b3 Ka7 29.Rc2 Kb6
30.Ke3 Bxc4 31.bxc4 Kc5 32.Rc1 a3 33.Ra1 Ra8 34.Kd3 a2 35.Kc3 h5 36.g3 h4
37.gxh4 Ra4 38.Kb3 Rb4+ 39.Ka3 Rb8 40.h5 Kxc4 41.Rc1+ Kd3 42.Kxa2 Rb7 43.Rg1 f6
44.h6 gxh6 45.exf6 Rf7 46.Rg6 Ke4 47.Rxh6 Kxf4 48.Kb3 Kg5 49.Rh8 Rxf6 50.Kc3 e5
51.Kd3 Kf4 52.Ke2 Ra6 53.Rh4+ Kf5 54.Rh5+ Ke4 55.Rh4+ Kd5 56.Ke3 Ra2 57.Kf3 Ra3+
58.Ke2 e4 59.Rh8 Kd4 60.Rd8+ Ke5  1/2-1/2

[Event "Gibraltar Masters 2019"]
[Site "Caleta ENG"]
[Date "2019.01.28"]
[Round "7.80"]
[White "Onabogun,K"]
[Black "Galinsky,T"]
[Result "0-1"]
[WhiteElo "2189"]
[BlackElo "2365"]

1.e4 e6 2.d4 d5 3.Nc3 Bb4 4.e5 b6 5.Qg4 Bf8 6.Bg5 Qd7 7.Nf3 h6 8.Bd2 Ne7
9.h4 h5 10.Qf4 Ba6 11.Ne2 Nf5 12.Ng3 Nxg3 13.fxg3 c5 14.c3 Be7 15.Bxa6 Nxa6
16.O-O f6 17.g4 hxg4 18.Qxg4 O-O-O 19.exf6 gxf6 20.Rae1 Nc7 21.Bf4 Bd6 22.Qg3 Rdg8
23.Qh2 Ne8 24.c4 cxd4 25.Bxd6 Nxd6 26.cxd5 e5 27.Rc1+ Kb7 28.Rc6 Ne4 29.Rfc1 Qxd5
30.Rc7+ Kb8 31.Qh3 Nc5 32.Re7 Qd6 33.Rf7 Rf8 34.Rxf8+ Rxf8 35.Qf5 e4 36.b4 Nd3
37.Rc4 Ne5 38.Nxe5 Qxe5 39.Qd7 d3 40.Qd4 Re8 41.Qxe5+ Rxe5 42.Kf2 e3+ 43.Ke1 d2+
44.Ke2 Rd5  0-1

[Event "Gibraltar Masters 2019"]
[Site "Caleta ENG"]
[Date "2019.01.28"]
[Round "7.81"]
[White "Koehler,G2"]
[Black "Hoolt,S"]
[Result "1-0"]
[WhiteElo "2184"]
[BlackElo "2358"]

1.c4 e5 2.g3 Nc6 3.Bg2 g6 4.Nc3 Bg7 5.e3 d6 6.Nge2 f5 7.d3 Nf6 8.O-O O-O
9.Rb1 Ne7 10.e4 fxe4 11.dxe4 c6 12.b3 Be6 13.Qd3 Qc7 14.Ba3 Rad8 15.Rbd1 Qa5
16.Bc1 d5 17.cxd5 cxd5 18.exd5 Nexd5 19.Qb5 Qxb5 20.Nxb5 Bg4 21.Rde1 Nb4
22.h3 Bd7 23.Nbc3 Nd3 24.Rd1 Nxc1 25.Rxc1 b6 26.Rfd1 Bh6 27.Rb1 Rc8 28.Rd6 Bf5
29.Re1 Kf7 30.g4 Be6 31.Nb5 Ke7 32.Rd3 a6 33.Na7 Rc5 34.Nc6+ Kf7 35.b4 e4
36.Bxe4 Nxe4 37.bxc5 Nxc5 38.Rf3+ Kg8 39.Rxf8+ Bxf8 40.Nc3 b5 41.Rd1 Bg7
42.Nd5 Kf8 43.Ndb4 Bc3 44.Rd8+ Kg7 45.Ra8 Kh6 46.Nxa6 Nd3 47.Rd8 Nf4 48.Kh2 Bxa2
49.Nab4 Kg5 50.Nxa2  1-0

[Event "Gibraltar Masters 2019"]
[Site "Caleta ENG"]
[Date "2019.01.28"]
[Round "7.82"]
[White "Lim,Z"]
[Black "Taboas Rodriguez,D"]
[Result "1/2-1/2"]
[WhiteElo "2178"]
[BlackElo "2357"]

1.e4 e6 2.b3 d5 3.Bb2 c5 4.exd5 exd5 5.Bb5+ Bd7 6.Qe2+ Qe7 7.Nc3 Nf6 8.O-O-O Nc6
9.Nf3 d4 10.Na4 Qxe2 11.Bxe2 Bd6 12.Ba3 b6 13.c3 dxc3 14.Nxc3 Be7 15.d4 cxd4
16.Bxe7 Kxe7 17.Nxd4 Nxd4 18.Rxd4 Rac8 19.Kb2 Rhd8 20.Rhd1 Bc6 21.f3 Rxd4
22.Rxd4 Rd8 23.Rxd8 Kxd8 24.Bc4 Ke7 25.Kc2 g5 26.Kd3 Nh5 27.Ke3 f5 28.Bd5 Bd7
29.Kd4 Nf4 30.g3 Ng6 31.Bc4 Kd6 32.Bb5 Bc8 33.Be2 Bd7 34.Bb5 Bc8 35.Be2  1/2-1/2